LEADER 02661nam 22004815 450 001 9910299370603321 005 20200706114228.0 010 $a3-319-89896-5 024 7 $a10.1007/978-3-319-89896-4 035 $a(CKB)4100000004243940 035 $a(DE-He213)978-3-319-89896-4 035 $a(MiAaPQ)EBC5379766 035 $a(PPN)227404424 035 $a(EXLCZ)994100000004243940 100 $a20180502d2018 u| 0 101 0 $aeng 135 $aurnn|008mamaa 181 $ctxt$2rdacontent 182 $cc$2rdamedia 183 $acr$2rdacarrier 200 14$aThe Ghost Cities of Australia $eA survey of New City Proposals and Their Lessons for Australia?s 21st Century Development /$fby Julian Bolleter 205 $a1st ed. 2018. 210 1$aCham :$cSpringer International Publishing :$cImprint: Springer,$d2018. 215 $a1 online resource (XV, 117 p. 29 illus., 18 illus. in color.) 225 1 $aSpringerBriefs in Geography,$x2211-4165 311 $a3-319-89895-7 327 $aChapter 1. Introduction -- Chapter 2. Australia Unlimited -- Chapter 3. Decentralisation Fever -- Chapter 4. Incidental Decentralisation -- Chapter 5. An Informed Urban Vision for the North. 330 $aThis book examines failed new city proposals in Australia to understand the hurdles ? environmental, societal, and economic ? that have curtailed such visions. The lessons from these relative failures are important because, if projections for Australia?s 21st century population growth are borne out, we will need to build new cities this century. This is particularly the case in northern Australia, where the federal government projects a four-fold increase in population in the next four decades. The book aims that, when we commence 21st century new city dreaming, we have learnt from the mistakes of the past and, are not doomed to repeat them. . 410 0$aSpringerBriefs in Geography,$x2211-4165 606 $aUrban geography 606 $aUrban economics 606 $aUrban Geography / Urbanism (inc. megacities, cities, towns)$3https://scigraph.springernature.com/ontologies/product-market-codes/J15010 606 $aUrban Economics$3https://scigraph.springernature.com/ontologies/product-market-codes/W49010 615 0$aUrban geography. 615 0$aUrban economics. 615 14$aUrban Geography / Urbanism (inc. megacities, cities, towns). 615 24$aUrban Economics. 676 $a307.76 700 $aBolleter$b Julian$4aut$4http://id.loc.gov/vocabulary/relators/aut$0871944 906 $aBOOK 912 $a9910299370603321 996 $aThe Ghost Cities of Australia$92531541 997 $aUNINA